[Event "Barcelona Sant Marti op-B 16th"]
[Site "Barcelona"]
[Date "2014.07.16"]
[Round "4"]
[White "Poyato Ruiz, Fernando"]
[Black "Gama Corral, Carlos"]
[Result "0-1"]
[WhiteElo "1968"]
[BlackElo "1784"]
[PlyCount "58"]
[EventDate "2014.07.13"]
[EventType "swiss"]
[EventRounds "9"]
[EventCountry "ESP"]
[SourceTitle "CBM 161 Extra"]
[Source "ChessBase"]
[SourceDate "2014.08.29"]
[SourceVersion "1"]
[SourceVersionDate "2014.08.29"]
[SourceQuality "1"]

1. d4 Nf6 2. c4 e5 3. e3 Bb4+ 4. Bd2 Qe7 5. Bd3 exd4 6. Qe2 dxe3 7. fxe3 Nc6 8. Nf3 d5 9. Nc3 dxc4 10. Bxc4 0-0 11. 0-0 Bg4 12. h3 Bh5 13. a3 Bxc3 14. Bxc3 Ne4 15. Be1 Ne5 16. g4 Nxc4 17. Qxc4 Bg6 18. Rc1 c5 19. Bh4 Qe8 20. Ng5 Nd2 21. Qxc5 Nxf1 22. Rxf1 b6 23. Qd4 Rd8 24. Qf4 Rd2 25. b4 h6 26. Nf3 Rd3 27. Ne5 Rxa3 28. g5 hxg5 29. Bxg5 Qe6 0-1